000 00674nam a22001817a 4500
005 20161003095639.0
008 161003b xxu||||| |||| 00| 0 eng d
050 _aRC451.A4M35 1995
100 _aMcCulloch, Jock
_926347
245 _aColonial psychiatry and 'the African mind'
_cby McCulloch, Jock
260 _aCambridge
_bCambridge Press University
_c1995
300 _ax, 185p.;
_c23cm.
650 _aPsychiatry
_xPolitical aspects
_zAfrica
_xHistory
_926348
650 _aAfrica
_xColonization
_xPsychological aspects
_926349
650 _aNational characteristics, African
_9805
650 _aImperialism
_xPsychological aspects
_926350
942 _2lcc
_cMONOGRAPH
999 _c125397
_d125397